000 00275nam a22001217a 4500
008 250422b |||||||| |||| 00| 0 eng d
050 _aJQ 3090
_b.A64
100 _aAdebayo Augustine
245 _aPower in politics
260 _aNigeria
_c1985
300 _a170p.
942 _cBK
999 _c3062
_d3062